IFM Opac

Samson Management Lexicon (Record no. 14069)

MARC details
000 -LEADER
fixed length control field 00247nam a22001097a 4500
020 ## - INTERNATIONAL STANDARD BOOK NUMBER
International Standard Book Number 0 905713 02 8
082 ## - DEWEY DECIMAL CLASSIFICATION NUMBER
Classification number REF 650 SAM
245 ## - TITLE STATEMENT
Title Samson Management Lexicon
260 ## - PUBLICATION, DISTRIBUTION, ETC.
Place of publication, distribution, etc. UK
Name of publisher, distributor, etc. Samson Publications
Date of publication, distribution, etc. 1977
300 ## - PHYSICAL DESCRIPTION
Extent 250p
Other physical details 23cm
942 ## - ADDED ENTRY ELEMENTS (KOHA)
Koha item type Books
Holdings
Withdrawn status Lost status Damaged status Not for loan Collection code Home library Current library Shelving location Date acquired Source of acquisition Total Checkouts Full call number Barcode Date last seen Price effective from Koha item type
        Reference IFM Main Campus Library IFM Main Campus Library Archival Collection 11/16/2015 Purchase   REF 650 SAM 0000015046 11/16/2015 02/19/2022 Reference